02423cam a22003977a 4500001000700000003000600007005001700013008004100030010001700071020001500088020001800103020001800121020001500139035002300154035003800177040006600215042001400281050002400295082001300319100002800332245011000360260005300470300002600523336002600549337002800575338002700603490004100630504006600671505099400737650002301731650002001754650004601774650004901820800006201869856009401931634433GBCCL20241126110619.0110428s2005 tnua b 001 0 eng d a 2011381842 a1418500062 a9781418500061 a9780718025212 a0718025210 a(OCoLC)ocm61445766 a(OCoLC)61445766z(OCoLC)424524289 aMSVbengcMSVdDLCdBAKERdVFYdBTCTAdYDXCPdMXDdBDXdOCLCF alccopycat00aBV4011.2b.M34 200504a253bMAC1 aMacArthur, John,d1939-10aPastoral ministry :bhow to shepherd biblically /c[by] John MacArthur and The Master's Seminary faculty. aNashville, Tenn. :bThomas Nelson, Inc.,cc2005. axiv, 363 p. ;c25 cm. atextbtxt2rdacontent aunmediatedbn2rdamedia avolumebnc2rdacarrier1 aThe John MacArthur pastor's library. aIncludes bibliographical references (p. [315]-355) and index.0 aRediscovering pastoral ministry / Richard L. Mayhue -- What is a pastor to be and do? / John MacArthur, Jr. -- Pastoral ministry in history / James F. Stitzinger -- Approaching pastoral ministry scripturally / Alex D. Montoya -- The character of a pastor / John MacArthur, Jr. -- The call to pastoral ministry / James M. George -- Training for pastoral ministry / Irvin A. Busenitz -- Ordination to pastoral ministry ; The pastor's home / Richard L. Mayhue -- The pastor's prayer life; the personal side / James E. Rosscup -- The pastor's prayer life; the ministry side / Donald G. McDougall -- The pastor's study / John MacArthur, Jr. and Robert L. Thomas -- The pastor's compassion for people / David C. Deuel -- Worshiping ; Preaching / John MacArthur, Jr. -- Modeling / George J. Zemek -- Leading ; Outreach / Alex D. Montoya -- Discipling / S. Lance Quinn -- Watching and warning / Richard L. Mayhue -- Observing ordinances ; Answering frequently asked questions / John MacArthur, Jr. 0aPastoral theology. 0aClergyxOffice. 7aClergyxOffice.2fast0(OCoLC)fst00864056 7aPastoral theology.2fast0(OCoLC)fst010546941 aMacArthur, John,d1939-tJohn MacArthur pastor's library.423Publisher descriptionuhttp://catdir.loc.gov/catdir/enhancements/fy1111/2011381842-d.html